000 00569nam a2200169Ia 4500
008 150610s9999 xx 000 0 und d
020 _a0486400778 (pbk.)
050 _aPS1306
_b .A23 1967   
100 _aTwain, Mark, 1835-1910
245 4 _aThe adventures of Tom Sawyer /
_cMark Twain.
260 _aNew York :
_bDover Pub. Inc.,
_c1998.
300 _a183pages ;
_c21 cm.
650 _aChild witnesses
_bFiction.
650 _aMississippi River Valley
_xFiction.
650 _aRunaway children
_bFiction.
650 _aSawyer, Tom (Fictitious character)
_xFiction.
999 _c287839
_d287839